书目信息 |
| 题名: |
湖畔盲女
|
|
| 作者: | 南达 著 ;周志宽 , 王镛 译 | |
| 分册: | ||
| 出版信息: | 石家庄 花山文艺出版社 1983 |
|
| 页数: | 168页 | |
| 开本: | 19cm | |
| 丛书名: | ||
| 单 册: | ||
| 中图分类: | I351.4 | |
| 科图分类: | ||
| 主题词: | 小说--印度--现代 , 文学 | |
| 电子资源: | ||
| ISBN: | ||
| 000 | 00741nam0 2200277 45 | |
| 001 | 0183009956 | |
| 005 | 20040413101254.9 | |
| 010 | @dCNY0.50 | |
| 091 | @a10286.48 | |
| 100 | @a19950727d1983 em y0chiy0121 ea | |
| 101 | 1 | @achi@cinc |
| 102 | @aCN@b130000 | |
| 105 | @ay z 000ay | |
| 106 | @ar | |
| 200 | 10 | @a湖畔盲女@Ahu pan mang nu@f(印)古尔辛·南达著@g周志宽,王镛译 |
| 210 | @a石家庄@c花山文艺出版社@d1983 | |
| 215 | @a168页@d19cm | |
| 606 | @a小说@y印度@z现代 | |
| 606 | 0 | @a文学 |
| 690 | @aI351.4 | |
| 701 | 1 | @a南达@Anan da@b古尔辛@4著 |
| 702 | 0 | @a周志宽@Azhou zhi kuan@4译 |
| 702 | 0 | @a王镛@Awang yong@4译 |
| 801 | 0 | @aCN@b上海图书馆@c20040413 |
| 801 | 2 | @aCN@bNLC@c20040413 |
| 905 | @f4@b92455-458@dI351.4@e12 | |
| 湖畔盲女/(印)古尔辛·南达著/周志宽,王镛译.-石家庄:花山文艺出版社,1983 |
| 168页;19cm |
| ISBN :CNY0.50 |
| ● |
| 相关链接 |
|
|
|
|
正题名:湖畔盲女
索取号:I351.4/12
 
预约/预借
| 序号 | 登录号 | 条形码 | 馆藏地/架位号 | 状态 | 备注 |
| 1 | 0092455 | 000695135 | 第二借阅区/ [索取号:I351.4/12] | 在馆 | |
| 2 | 0092456 | 000695108 | 第二借阅区/ [索取号:I351.4/12] | 在馆 | |
| 3 | 0092457 | 000695091 | 第二借阅区/ [索取号:I351.4/12] | 在馆 | |
| 4 | 0092458 | 000695126 | 第二借阅区/ [索取号:I351.4/12] | 在馆 | |
| 5 | 0092459 | 000695117 | 第一样本阅览室/ [索取号:I351.4/12] | 在馆 |